skbl

Dr Suryya Kumar Bhuyan Library Web-OPAC
ডঃ সূৰ্য্য
কুমাৰ ভূঞা পুথিভঁৰাল ৱেব-অ'পেক

All Research Scholars are advised to clear the annual library fees to continue using Library Resources, Remote Access, Plagiarism Test and Library Clearance.

Cotton University Book Fair 2026

Ucchattar Madhyamic Shiksha (Record no. 59152)

MARC details
000 -LEADER
fixed length control field 00505nam a2200193Ia 4500
001 - CONTROL NUMBER
control field 59270
008 - FIXED-LENGTH DATA ELEMENTS--GENERAL INFORMATION
fixed length control field 080101n2015 ii |||gr||||Z||||||465
020 ## - INTERNATIONAL STANDARD BOOK NUMBER
International Standard Book Number 978-81-910690-6-8
082 ## - DEWEY DECIMAL CLASSIFICATION NUMBER
Classification number 370
100 ## - MAIN ENTRY--PERSONAL NAME
Personal name Barua,Jatin ,
Relator term Author.
245 #0 - TITLE STATEMENT
Title Ucchattar Madhyamic Shiksha
Remainder of title X1
Statement of responsibility, etc. Jatin Barua
Medium Textual Documents
250 ## - EDITION STATEMENT
Edition statement 5th ed.
260 ## - PUBLICATION, DISTRIBUTION, ETC.
Place of publication, distribution, etc. Assam
Name of publisher, distributor, etc. Arun Prakashan
Date of publication, distribution, etc. 2015
300 ## - PHYSICAL DESCRIPTION
Extent 499pg:
Dimensions 20cm.
653 ## - INDEX TERM--UNCONTROLLED
Uncontrolled term Education
653 ## - INDEX TERM--UNCONTROLLED
Uncontrolled term Deptt-Education
653 ## - INDEX TERM--UNCONTROLLED
Uncontrolled term G-Education
942 ## - ADDED ENTRY ELEMENTS (KOHA)
Source of classification or shelving scheme Dewey Decimal Classification
Koha item type Books
Holdings
Withdrawn status Lost status Damaged status Not for loan Collection Home library Current library Shelving location Date acquired Coded location qualifier Cost, normal purchase price Total checkouts Full call number Barcode Date last seen Copy number Price effective from Koha item type
          Dr. Suryya Kumar Bhuyan Library Dr. Suryya Kumar Bhuyan Library   01/01/2008 00000 180.00   370 Ba 288 Uc 1482/Edn 14/01/2024 2 01/01/2008 Books
          Dr. Suryya Kumar Bhuyan Library Dr. Suryya Kumar Bhuyan Library   01/01/2008 00000 180.00   370 Ba 288 Uc 1480/Edn 14/01/2024 1 01/01/2008 Books
          Dr. Suryya Kumar Bhuyan Library Dr. Suryya Kumar Bhuyan Library   01/01/2008 00000 180.00   370 Ba 288 Uc 1481/Edn 14/01/2024 3 01/01/2008 Books

Designed and Maintained by Team SKBL
©1901-2026

Powered by Koha